00616 am a2200169 a 450000500170000000800410001702000150005804100080007310000220008124500430010325000710014626000600021730000170027750001170029465300140041170000210042520240522104227.0100325s1989||||ag a f |||| 001 0 spa d a9500602040 aspa1 aBrenner, Barry M. 3aEl Riñón.bT.2 /cBarry M. Brenner a3a ed.bTraducción Nora Meeroff ; Daniel Landes y Ubaldo Patrone aBuenos Aires: bEditorial Médica Panamericana;c1989. a1057-2111 p. aBrenner, B. y Rector, F. C. (1989). El Riñón. T.2. (3a ed.). Buenos Aires : Editorial Médica Panamericana. aRiñón1 aRector, Floyd C.